What is Communist anarchism? /

Bibliographic Details
Main Author: Berkman, Alexander, 1870-1936
Format: Book
Language:English
Published: New York : Vanguard Press, 1929.
Series:Outlines of social philosophies.
Subjects:

MARC

Tag First Indicator Second Indicator Subfields
LEADER 00000cam a2200000 4500
001 in00000013240
005 20151007052347.0
008 780508s1929 nyu b 00010 eng
010 |a  29022967  
035 |a (OCoLC)03874089 
035 |9 AAA7454AM 
040 |a DLC  |c ISU  |d m.c.  |d TXA  |d UtOrBLW 
049 |a TXAM  |c [A11047818] 
050 0 0 |a HX833  |b .B4 1929a 
082 0 |a 335/.83 
100 1 |a Berkman, Alexander,  |d 1870-1936. 
245 1 0 |a What is Communist anarchism? /  |c [By] Alexander Berkman. 
264 1 |a New York :  |b Vanguard Press,  |c 1929. 
300 |a xx, 300 pages ;  |c 18 cm. 
336 |a text  |b txt  |2 rdacontent 
337 |a unmediated  |b n  |2 rdamedia 
338 |a volume  |b nc  |2 rdacarrier 
490 1 |a Outlines of Social Philosophies 
500 |a Published also in 1929 under title: Now and after; the ABC of Communist anarchism. 
500 |a "Some works on anarchism": pages 229-300. 
650 0 |a Anarchism. 
650 0 |a Communism. 
740 0 |a Communist anarchism. 
830 0 |a Outlines of social philosophies. 
999 |a MARS 
999 f f |s fbdea83c-dbe3-33c4-9e5c-e1b740cf3a37  |i 9ef8780c-97ea-3ebc-98e7-f4fe77729144  |t 0 
952 f f |p ric  |a Texas A&M University  |b Rellis Campus  |c Joint Library Facility  |d Remote Storage  |t 0  |e HX833 .B4 1929a  |h Library of Congress classification  |i unmediated -- volume  |m A14811047818 
998 f f |a HX833 .B4 1929a  |t 0  |l Remote Storage